Crayola Crayon Colors 24 Box - Statistics

General Stats
  • This quiz has been taken 71 times
  • The average score is 18 of 24
Answer Stats
Hint Answer % Correct
. Orange
96%
. Black
94%
. Blue
94%
. White
94%
. Brown
92%
. Red
92%
. Violet
92%
. Yellow
92%
. Carnation Pink
90%
. Green
90%
. Gray
88%
. Red-Orange
78%
. Yellow-Green
76%
. Blue-Green
71%
. Yellow-Orange
69%
. Blue-Violet
63%
. Indigo
63%
. Red-Violet
61%
. Apricot
55%
. Green-Yellow
55%
. Cerulean
53%
. Scarlet
51%
. Violet-Red
51%
. Bluetiful
31%
No matching quizzes found
Score Distribution
Percent of People with Each Score
Percentile by Number Answered
Your Score History
You have not taken this quiz